000 00445nam a2200181Ia 4500
005 20250423094242.0
008 250422s9999 xx 000 0 und d
020 _a0-201-08313-2
050 _aQA 76.9.E96 .W369/
100 _aDonald A. Waterman
245 2 _aA Guide To Expert Systems
260 _aReading
260 _bAddison-Wesley Publishing Company
260 _c1986
300 _a419 p
650 _aExpert System
942 _cBK
999 _c26711
_d26711